01377cam a22003974i 4500003000900000005001700009008004100026020001800067020001500085035002000100040003300120082001700153100004100170245011600211264005100327300004200378336002100420337002500441338002300466490002600489504003200515505028400547526001000831526001000841526001000851526001000861526000800871526000800879526000800887526000800895526000800903526000800911526000800919650002400927700002800951PE-LiUPU20250731173108.0181211s2017 tnu r 001 0 eng d a9781462758753 a1462758754 a(Sirsi) a251009 aPE-LiUPUbspacPE-LiUPUerda04a220bE492231 aEmerson, Matthew Y.,d1984-,eautor.14aThe story of scripture :ban introduction to biblical theology /cMatthew Y. Emerson ; Heath A. Thomas, editor. 1aNashville, Tennessee :bB & H Academic,c2017. axv, 95 páginas ;c21 centímetros. atext2rdacontent aunmediated2rdamedia avolume2rdacarrier0 aHobbs College library aÍndice : páginas 93-95.0 aIntroduction: what is biblical theology? -- The story of the Bible. Part 1 -- The story of the Bible. Part 2: redemption, continued -- The story of the Bible. Part 3: The New Testament -- Exploring biblical terrains -- Using the map: practical applications for biblical theology. aSEG42 aSEG41 aSEG40 aSEG39 aP94 aP87 aP86 aP85 aP77 aP76 aP3504aBibliaxTeología.1 aThomas, Heath,eeditor.